[Event "AUTO-ADV-2916"]
[Site "http://www.queenalice.com/game.php?id=1202744"]
[Date "2013.7.26"]
[Round "1"]
[White "pepe72"]
[Black "Equeiroz"]
[Result "0-1"]
[WhiteElo "1670"]
[BlackElo "1868"]

1. e4 e5 2. Nc3 Nf6 3. Nf3 d6 4. d4 Be7 5. d5 O-O 6. Bg5 c6 7. Bc4 b5 8. Bb3 b4
9. Na4 Nxe4 10. Bd2 Nxd2 11. Qxd2 c5 12. O-O e4 13. Ne1 Ba6 14. c4 bxc3 15. bxc3
Bxf1 16. Kxf1 Nd7 17. c4 Bg5 18. f4 Qf6 19. Nc2 Bxf4 20. Qe2 Bxh2+ 21. Ke1 Be5
22. Rd1 Bg3+ 23. Kd2 Rfe8 24. Rf1 Qg5+ 25. Ne3 Ne5 26. Rf5 Qd8 27. Nc3 g6 28.
Rf1 Nd3 29. Nxe4 Rxe4 30. Qxd3 Rd4 0-1

[Event "AUTO-ADV-2916"]
[Site "http://www.queenalice.com/game.php?id=1202755"]
[Date "2013.7.26"]
[Round "1"]
[White "TIKAR"]
[Black "pepe72"]
[Result "1-0"]
[WhiteElo "1753"]
[BlackElo "1725"]

1. e4 e6 2. d4 c5 3. d5 e5 4. Bc4 Nf6 5. Nc3 d6 6. Nf3 h6 7. h3 a6 8. a4 Be7 9.
O-O Nbd7 10. a5 b6 11. Nh4 b5 12. Bd3 O-O 13. Nf5 c4 14. Be2 Nc5 15. Nxe7+ Qxe7
16. f4 Nfxe4 17. Nxe4 Nxe4 18. Re1 Qh4 19. fxe5 Qf2+ 20. Kh2 Qg3+ 21. Kg1 Bxh3
22. Bf3 Qf2+ 23. Kh2 Ng5 24. Bxg5 hxg5 25. Re2 Qh4 26. gxh3 Qf4+ 27. Kg2 f6 28.
e6 f5 29. Bh5 g4 30. Bf7+ Kh8 31. Rf2 Qe4+ 32. Kg1 gxh3 33. Qh5# 1-0

[Event "AUTO-ADV-2916"]
[Site "http://www.queenalice.com/game.php?id=1202756"]
[Date "2013.7.26"]
[Round "1"]
[White "pepe72"]
[Black "TIKAR"]
[Result "1-0"]
[WhiteElo "1706"]
[BlackElo "1788"]

1. e4 e5 2. Nf3 d6 3. d4 Nf6 4. Nc3 h6 5. d5 a6 6. b3 Nbd7 7. Bb2 Be7 8. Qd2 Nc5
9. O-O-O Bg4 10. h3 Bxf3 11. gxf3 Nh5 12. Rg1 Bg5 13. Rxg5 hxg5 14. b4 Nd7 15.
b5 Nf4 16. a4 Nxh3 17. Bg2 Nf4 18. Rh1 Rxh1+ 19. Bxh1 Qf6 20. Qe1 O-O-O 21. Qe3
Nc5 22. Ne2 Nxa4 23. Qa7 axb5 24. Nxf4 Qxf4+ 25. Kb1 Qd2 26. Bg2 Qb4 27. Bh3+ f5
28. Bxf5+ Rd7 29. Qa8# 1-0

[Event "AUTO-ADV-2916"]
[Site "http://www.queenalice.com/game.php?id=1202761"]
[Date "2013.7.26"]
[Round "1"]
[White "Mikalus"]
[Black "pepe72"]
[Result "1-0"]
[WhiteElo "1772"]
[BlackElo "1662"]

1. e4 e6 2. d4 c5 3. c3 d5 4. e5 Qb6 5. Nf3 Nc6 6. a3 cxd4 7. cxd4 a5 8. Nc3 a4
9. Bb5 Bd7 10. Bxa4 Nxd4 11. Nxd4 Bxa4 12. Nxa4 Qc7 13. Bf4 h6 14. O-O g5 15.
Bg3 Bg7 16. Re1 Ne7 17. Nb5 Qc4 18. Nd6+ Kd7 19. Nxc4 Rhc8 20. Ncb6+ 1-0

[Event "AUTO-ADV-2916"]
[Site "http://www.queenalice.com/game.php?id=1202762"]
[Date "2013.7.26"]
[Round "1"]
[White "pepe72"]
[Black "Mikalus"]
[Result "1/2-1/2"]
[WhiteElo "1650"]
[BlackElo "1793"]

1. e4 c5 2. Nf3 Nc6 3. Bb5 e6 4. Bxc6 bxc6 5. d3 d6 6. e5 d5 7. O-O d4 8. Re1
Be7 9. Qd2 f6 10. Na3 Nh6 11. h3 O-O 12. Nc4 f5 13. Na5 Bd7 14. a3 Qb8 15. Rb1
Qb6 16. Nc4 Qc7 17. b3 a5 18. a4 Be8 19. Ng5 Bd7 20. Qf4 Nf7 21. h4 Qd8 22. Qg3
Nxg5 23. hxg5 Be8 24. Bd2 Bg6 25. f4 Qc7 26. Bxa5 Rxa5 27. Nxa5 Qxa5 28. Qf2 Rb8
29. Red1 Qc3 30. Qd2 Qxd2 31. Rxd2 Bd8 32. Ra1 Ba5 33. Rdd1 h6 34. gxh6 gxh6 35.
g3 Kg7 36. Kg2 Bh5 37. Rh1 Bg4 38. Rh2 h5 39. Rah1 Kg6 40. Kf2 Rb7 41. Rb1
1/2-1/2

[Event "AUTO-OPEN-3063"]
[Site "http://www.queenalice.com/game.php?id=1210609"]
[Date "2013.8.22"]
[Round "1"]
[White "pepe72"]
[Black "Ajunior"]
[Result "0-1"]
[WhiteElo "1651"]
[BlackElo "1100"]

1. e4 c6 2. d4 d5 3. e5 c5 4. dxc5 e6 5. Be3 Qa5+ 6. Qd2 Nc6 7. Qxa5 Nxa5 8. Na3
a6 9. O-O-O Ne7 10. g3 Nf5 11. b4 Nxe3 12. fxe3 g5 13. bxa5 Bg7 14. Nf3 g4 15.
Nd4 Bxe5 16. Nb3 h5 17. Be2 Bd7 18. Bd3 Bc6 19. Nd4 h4 20. Nxc6 bxc6 21. e4 Rb8
22. exd5 cxd5 23. Bxa6 Bb2+ 24. Kd2 Bxa3 25. c6 Bb4+ 26. c3 Bxa5 27. Rb1 O-O 28.
gxh4 Ra8 29. Bb7 Rab8 30. Rb5 Bc7 31. a4 f5 32. a5 f4 33. Ke2 f3+ 34. Kf2 Rf4
35. a6 Ra4 36. Rb4 Ra2+ 37. Ke3 Re2+ 38. Kd3 Ra2 39. Rxg4+ Kh7 40. Ke3 Rf8 41.
h3 Bb6+ 42. Kd3 f2 43. Rf1 Rf3# 0-1

[Event "AUTO-OPEN-3063"]
[Site "http://www.queenalice.com/game.php?id=1210630"]
[Date "2013.8.22"]
[Round "1"]
[White "pepe72"]
[Black "Aborigen"]
[Result "0-1"]
[WhiteElo "1667"]
[BlackElo "2014"]

1. e4 e6 2. d4 d5 3. e5 c5 4. Qg4 Ne7 5. c3 Ng6 6. Nf3 Be7 7. Bb5+ Bd7 8. Na3
O-O 9. O-O cxd4 10. Nxd4 a6 11. Bd3 Nxe5 12. Qg3 Nxd3 13. Qxd3 Nc6 14. Nxc6 Bxc6
15. Bd2 Bf6 16. Rad1 Qc7 17. g3 b5 18. Bf4 Be5 19. Rfe1 Bxf4 20. gxf4 Qxf4 21.
Qf3 Qxf3 0-1

[Event "AUTO-OPEN-3063"]
[Site "http://www.queenalice.com/game.php?id=1210631"]
[Date "2013.8.22"]
[Round "1"]
[White "Aborigen"]
[Black "pepe72"]
[Result "1-0"]
[WhiteElo "2025"]
[BlackElo "1684"]

1. e4 e6 2. d4 c5 3. c3 d5 4. dxc5 Bxc5 5. exd5 exd5 6. Nf3 h6 7. Bd3 Qb6 8. O-O
Ne7 9. Qe2 O-O 10. Nbd2 Nbc6 11. Nb3 Bf5 12. Nxc5 Qxc5 13. Be3 Qd6 14. Nd4 Nxd4
15. Bxd4 Rfe8 16. Qc2 g6 17. Rfe1 Rac8 18. Qd2 Qd7 19. Qxh6 1-0

[Event "AUTO-OPEN-3063"]
[Site "http://www.queenalice.com/game.php?id=1210632"]
[Date "2013.8.22"]
[Round "1"]
[White "pepe72"]
[Black "jovelino"]
[Result "0-1"]
[WhiteElo "1634"]
[BlackElo "2223"]

1. e4 c5 2. Nf3 d6 3. d4 cxd4 4. Qxd4 Nc6 5. Qa4 Bd7 6. Bb5 Nf6 7. Nbd2 g6 8.
O-O Bg7 9. h3 a6 10. Bxc6 Bxc6 11. Qc4 Rc8 12. Rd1 Bxe4 13. Qa4+ Bc6 14. Qb3 O-O
15. Nc4 Bxf3 16. gxf3 b5 17. Na3 Qd7 18. c3 Qxh3 19. Rd3 Rc5 0-1

[Event "AUTO-OPEN-3063"]
[Site "http://www.queenalice.com/game.php?id=1210633"]
[Date "2013.8.22"]
[Round "1"]
[White "jovelino"]
[Black "pepe72"]
[Result "1-0"]
[WhiteElo "2228"]
[BlackElo "1651"]

1. e4 e6 2. d4 d5 3. Nd2 c5 4. exd5 Qxd5 5. Ngf3 cxd4 6. Bc4 Qd6 7. O-O Nc6 8.
Nb3 e5 9. Ng5 Nh6 10. f4 f6 11. fxe5 Nxe5 12. Bb5+ Bd7 13. Bxd7+ Qxd7 14. Ne4
Be7 15. Bxh6 gxh6 16. Qh5+ Nf7 17. Rae1 Rf8 18. Nxf6+ 1-0

[Event "AUTO-INT-2709"]
[Site "http://www.queenalice.com/game.php?id=1210691"]
[Date "2013.8.23"]
[Round "1"]
[White "bdpq"]
[Black "pepe72"]
[Result "0-1"]
[WhiteElo "1708"]
[BlackElo "1632"]

1. d4 c5 2. dxc5 Na6 3. Qd4 Qa5+ 4. Bd2 Qxc5 5. Qxc5 Nxc5 6. Nc3 e6 7. O-O-O d5
8. Be3 h6 9. g3 Nf6 10. Bxc5 Bxc5 11. Bg2 Bxf2 12. Bf1 d4 13. Na4 b6 14. Nf3 Bb7
15. Bg2 Ng4 16. Bh3 Be3+ 17. Kb1 Nf2 18. Bg2 Nxh1 19. Bxh1 Bc6 20. b3 Rc8 21.
Ne5 Bxh1 22. Rxh1 O-O 23. h4 Rfd8 24. Rf1 f6 25. Ng6 Rc7 26. Nb2 Rdc8 27. a4 Kh7
28. h5 Rxc2 29. Ka2 e5 30. Ne7 Rc1 31. Rf3 R8c2 32. Nd5 Rxe2 33. Nxe3 dxe3 34.
g4 a5 35. Rh3 Rcc2 36. g5 Rxb2+ 37. Ka1 Rbd2 38. g6+ Kh8 39. Rh1 Rf2 40. Rc1 Rc2
41. Rd1 Rfd2 42. Kb1 Rxd1+ 43. Kxc2 e2 44. b4 e1=Q 45. b5 Qe2+ 46. Kc3 Rd3+ 47.
Kc4 Qe4# 0-1

[Event "AUTO-INT-2709"]
[Site "http://www.queenalice.com/game.php?id=1210692"]
[Date "2013.8.23"]
[Round "1"]
[White "pepe72"]
[Black "bdpq"]
[Result "0-1"]
[WhiteElo "1649"]
[BlackElo "1664"]

1. e4 e5 2. d4 exd4 3. Qxd4 Nc6 4. Qe3 d6 5. Nc3 Be6 6. h3 Qf6 7. g4 Nb4 8. Bd3
g6 9. Qf3 Qxf3 10. Nxf3 c5 11. a3 Nxd3+ 12. cxd3 O-O-O 13. Nb5 a6 14. Nc3 Bg7
15. Na4 Nf6 16. g5 Nh5 17. Bd2 Bb3 18. Bc3 Bxa4 19. Bxg7 Nxg7 20. Rc1 Bb5 21.
Kd2 Ne6 22. Ke3 d5 23. e5 d4+ 24. Ke4 Bc6# 0-1

[Event "AUTO-INT-2709"]
[Site "http://www.queenalice.com/game.php?id=1210707"]
[Date "2013.8.23"]
[Round "1"]
[White "dladuke7"]
[Black "pepe72"]
[Result "0-1"]
[WhiteElo "1631"]
[BlackElo "1667"]

1. e4 e6 2. d4 d5 3. e5 c5 4. c3 Qb6 5. Be3 c4 6. Be2 Bd7 7. Qc1 h6 8. Nf3 Ne7
9. O-O Nf5 10. Nbd2 Nxe3 11. fxe3 Be7 12. h3 O-O 13. Nh2 Nc6 14. Ng4 a5 15. a3
a4 16. Rb1 Bg5 17. Nf3 Be7 18. Nfh2 Bg5 19. Nf3 Na5 20. Bd1 Nb3 21. Bxb3 axb3
22. Qe1 Qd8 23. Nxg5 Qxg5 24. Qg3 h5 25. Nf6+ gxf6 26. Qxg5+ fxg5 27. g3 Kg7 28.
h4 gxh4 29. gxh4 Rg8 30. Kh2 Kh7 31. Rxf7+ Kh6 32. Rxd7 Rae8 33. Rxb7 Rg4 34.
Kh3 Reg8 35. Rf7 Rg3+ 36. Kh2 Rg2+ 37. Kh1 R2g4 38. Rf6+ Kh7 39. Rf4 Rxf4 40.
exf4 Rg4 41. a4 Rxh4+ 42. Kg2 Rxf4 43. a5 Rf7 44. a6 Ra7 45. Ra1 Kg6 46. Kh3 Kg5
47. Rg1+ Kh6 48. Kh4 Rxa6 49. Rg8 Ra2 50. Re8 Rxb2 51. Rxe6+ Kg7 52. Rb6 Rh2+
53. Kg3 Re2 54. Kf3 Re4 55. Kg3 h4+ 56. Kg2 Re3 57. Kf2 h3 58. Kg1 Rxc3 59. Kh2
Re3 60. Rb7+ Kf8 61. Kh1 Re2 62. Rb6 b2 0-1

[Event "AUTO-INT-2709"]
[Site "http://www.queenalice.com/game.php?id=1210708"]
[Date "2013.8.23"]
[Round "1"]
[White "pepe72"]
[Black "dladuke7"]
[Result "1-0"]
[WhiteElo "1651"]
[BlackElo "1639"]

1. e4 e5 2. d4 d6 3. d5 Nf6 4. Nc3 Be7 5. Be2 O-O 6. Nf3 Nbd7 7. Bg5 Nh5 8. Qd2
Nf4 9. Bxf4 exf4 10. Qxf4 Bf6 11. O-O Bxc3 12. bxc3 Nb6 13. h3 Bd7 14. Ng5 h6
15. Nf3 Na4 16. c4 Nc3 17. Qe3 Na4 18. Rab1 b6 19. e5 Qe7 20. Rfd1 Bf5 21. Rd2
Nc5 22. Bd3 Bxd3 23. cxd3 Nd7 24. exd6 Qxe3 25. fxe3 cxd6 26. e4 f6 27. Nd4 Ne5
28. Ne6 Rfe8 29. Nc7 Rac8 30. Nxe8 Rxe8 31. Rb3 Nd7 32. Rb1 Re5 33. d4 Rxe4 34.
Kf2 Nf8 35. Re1 Rf4+ 36. Kg3 g5 37. Rde2 Kf7 38. Re7+ Kg6 39. Re8 Nd7 40. R1e6
Rxd4 41. Rxd6 Ne5 42. Rxe5 Rxc4 43. Ree6 Kh5 44. Rxf6 Rc3+ 45. Kh2 g4 46. Rxh6+
Kg5 47. Rdg6+ Kf4 48. Rxg4+ Ke5 49. Rh5+ Kd6 50. Rg6+ Kc5 51. Rc6+ Kd4 52. Rxc3
Kxc3 53. d6 1-0

[Event "AUTO-INT-2709"]
[Site "http://www.queenalice.com/game.php?id=1210717"]
[Date "2013.8.23"]
[Round "1"]
[White "spawnwolfwolverine"]
[Black "pepe72"]
[Result "1-0"]
[WhiteElo "1716"]
[BlackElo "1665"]

1. d4 c5 2. dxc5 Na6 3. Qd4 Qa5+ 4. Bd2 Qxc5 5. Qxc5 Nxc5 6. Nc3 g6 7. g3 Bg7 8.
e3 d6 9. Bh3 Bxh3 10. Nxh3 Nh6 11. O-O O-O 12. Nf4 Rfe8 13. a4 a5 14. b3 Ne4 15.
Nxe4 Rec8 16. Rac1 Bb2 17. Rcd1 Rxc2 18. b4 axb4 19. Bxb4 Rxa4 20. Rd2 Rxd2 21.
Bxd2 Rxe4 22. Rb1 Bf6 23. Rxb7 Rc4 24. Nd5 Rc2 25. Nxf6+ exf6 26. Ba5 Ng4 27.
Rd7 Nxf2 28. Rxd6 Ng4 29. Bb6 Nxh2 30. Rxf6 Ng4 31. Rd6 Ne5 32. Bd4 Nc6 33. Rd7
Nxd4 34. exd4 Rd2 35. d5 Kf8 36. d6 Ke8 37. Re7+ Kd8 38. Rxf7 Rxd6 39. Rxh7 Rd5
40. Rg7 Rg5 41. Kg2 Ke8 42. Kh3 Rh5+ 43. Kg4 Rh6 44. Kg5 Rh3 45. g4 1-0

[Event "AUTO-INT-2709"]
[Site "http://www.queenalice.com/game.php?id=1210718"]
[Date "2013.8.23"]
[Round "1"]
[White "pepe72"]
[Black "spawnwolfwolverine"]
[Result "0-1"]
[WhiteElo "1682"]
[BlackElo "1718"]

1. e4 e5 2. d4 exd4 3. Qxd4 Nc6 4. Qe3 Nf6 5. Nc3 Bb4 6. a3 Bxc3+ 7. bxc3 O-O 8.
Bd3 d6 9. c4 b6 10. Nf3 Ne5 11. Nxe5 dxe5 12. h3 c5 13. O-O Bb7 14. Bb2 Qe7 15.
Qg3 Nxe4 16. Qxe5 Qxe5 17. Bxe5 a6 18. Rfe1 Ng5 19. h4 Ne6 20. Re4 Bxe4 21. Bxe4
Rad8 22. Rb1 f6 23. Bg3 Nd4 24. Bd3 b5 25. cxb5 axb5 26. Bxb5 Nxb5 27. Rxb5 Rc8
28. a4 Rfd8 29. a5 Rd2 30. Rb2 c4 31. Bf4 c3 0-1

[Event "Challenge"]
[Site "http://www.queenalice.com/game.php?id=1235922"]
[Date "2013.11.28"]
[Round "-"]
[White "Excsiu"]
[Black "pepe72"]
[Result "0-1"]
[WhiteElo "1715"]
[BlackElo "1721"]

1. e4 e6 2. d4 d5 3. e5 c5 4. Nf3 Nc6 5. dxc5 Bxc5 6. Na3 a6 7. Bd3 h6 8. O-O
Nge7 9. c3 Bd7 10. Bf4 Ng6 11. b4 Bxb4 12. cxb4 Nxf4 13. Nh4 Nxb4 14. Qg4 Qg5
15. Qxg5 hxg5 16. g3 gxh4 17. gxf4 Nxd3 0-1

[Event "AUTO-ADV-3069"]
[Site "http://www.queenalice.com/game.php?id=1254136"]
[Date "2014.2.6"]
[Round "1"]
[White "pepe72"]
[Black "josebaron"]
[Result "1/2-1/2"]
[WhiteElo "1716"]
[BlackElo "1994"]

1. e4 e5 2. Nf3 Nc6 3. Bc4 Bc5 4. c3 d6 5. d4 exd4 6. cxd4 Bb4+ 7. Bd2 Bxd2+ 8.
Nbxd2 Nf6 9. O-O Bg4 10. Qb3 Na5 11. Qb5+ Nc6 12. Qb3 O-O 13. Qxb7 Na5 14. Qb4
Nxc4 15. Qxc4 Bxf3 16. Nxf3 Nxe4 17. Rfe1 Nf6 18. Rac1 Re8 19. b3 Rxe1+ 20. Rxe1
Qd7 21. Kf1 a5 22. a4 h6 23. h3 d5 24. Qd3 Ne4 25. Ne5 Qd6 26. f3 Ng3+ 27. Kf2
Qb4 28. Nc6 Qd6 29. Ne5 Nh5 30. Qf5 Nf6 31. g4 c5 32. dxc5 Qxc5+ 33. Kf1 Qb4 34.
Re3 Qc5 35. Kf2 d4 36. Rd3 Qc2+ 37. Kg3 Rb8 38. Nc4 Rxb3 39. Rxb3 Qxb3 40. Qc8+
Kh7 41. Nxa5 Qxa4 42. Nc6 Qc4 43. Qf5+ Kh8 44. Ne5 Qc7 45. f4 Qc3+ 46. Qd3 Ne4+
47. Kf3 Nd6 48. h4 f6 49. Qxc3 dxc3 50. Nd3 g5 51. fxg5 hxg5 52. hxg5 fxg5 53.
Ke3 Kg7 54. Kd4 c2 55. Kc3 Nf7 56. Kxc2 Nh6 57. Nf2 Nxg4 58. Nxg4 Kg6 59. Kd2
Kf5 60. Ne3+ Kf4 61. Ke2 Kg3 62. Nf1+ Kg2 63. Ne3+ Kg3 64. Nf1+ Kg2 65. Ne3+ Kg3
66. Nf1+ Kh3 67. Ne3 Kg3 68. Nf1+ Kf4 69. Ne3 Kg3 1/2-1/2

[Event "AUTO-ADV-3069"]
[Site "http://www.queenalice.com/game.php?id=1254137"]
[Date "2014.2.6"]
[Round "1"]
[White "josebaron"]
[Black "pepe72"]
[Result "1-0"]
[WhiteElo "1979"]
[BlackElo "1733"]

1. e4 e6 2. d4 d5 3. e5 c5 4. Nf3 Nc6 5. Bb5 Bd7 6. Bxc6 Bxc6 7. O-O Ne7 8. Bg5
h6 9. Bxe7 Bxe7 10. c3 O-O 11. a4 a5 12. Nbd2 b5 13. axb5 Bxb5 14. Re1 a4 15. b3
a3 16. h3 c4 17. b4 Qc7 18. Qc1 a2 19. Qb2 Qa7 20. Re2 Qa3 21. Nf1 Ra6 22. Rxa2
Rfa8 23. Rxa3 Rxa3 24. Qd2 Ra1 25. Re1 R8a2 26. Qe3 Ra3 27. Rxa1 Rxa1 28. Qd2
Bd8 29. Qb2 Ra4 30. N3d2 Bg5 31. Nb1 f6 32. exf6 Bxf6 33. Na3 Bc6 34. b5 Bb7 35.
b6 Be7 36. Nb5 Ra5 37. Nc7 Ba3 38. Qb1 Kf7 39. Nxe6 Kxe6 40. Qg6+ 1-0

[Event "AUTO-ADV-3069"]
[Site "http://www.queenalice.com/game.php?id=1254138"]
[Date "2014.2.6"]
[Round "1"]
[White "pepe72"]
[Black "solzhenitsyn"]
[Result "0-1"]
[WhiteElo "1737"]
[BlackElo "1917"]

1. e4 c5 2. Nf3 d6 3. d4 cxd4 4. Qxd4 Nc6 5. Bb5 Qa5+ 6. Nc3 Bd7 7. Bxc6 Bxc6 8.
Bd2 Qb6 9. Qd3 g6 10. O-O-O Bg7 11. Be3 Qc7 12. Nd4 Bd7 13. f4 Nf6 14. h3 O-O
15. g4 Rfc8 16. f5 e5 17. Ndb5 Bxb5 18. Nxb5 Qc6 19. Nxd6 Rd8 20. Rh2 Bf8 21.
Rhd2 Bxd6 22. Qc3 Qxc3 23. bxc3 Ba3+ 24. Kb1 Rxd2 25. Rxd2 gxf5 26. gxf5 Nxe4
27. Rd3 b6 28. c4 Bc5 29. Bxc5 Nxc5 30. Rg3+ Kh8 31. f6 Rg8 32. Rf3 e4 33. Rf5
Re8 34. Kc1 h6 35. Rh5 Kh7 36. Rh4 e3 37. Kd1 Re4 38. Rxe4 Nxe4 39. Ke2 Nc3+ 40.
Kxe3 Nxa2 41. Ke4 Kg6 42. Ke5 Nb4 43. c3 Na2 0-1

[Event "AUTO-ADV-3069"]
[Site "http://www.queenalice.com/game.php?id=1254139"]
[Date "2014.2.6"]
[Round "1"]
[White "solzhenitsyn"]
[Black "pepe72"]
[Result "1-0"]
[WhiteElo "1840"]
[BlackElo "1727"]

1. d4 e6 2. e4 b6 3. Nc3 Bb7 4. Bd3 c5 5. d5 Nf6 6. Bg5 Be7 7. Nf3 h6 8. Bxf6
Bxf6 9. e5 Be7 10. d6 Bg5 11. Nxg5 Qxg5 12. f3 Qxe5+ 13. Be4 Bxe4 14. Nxe4 f5
15. Qe2 Qxb2 16. O-O fxe4 17. fxe4 Qd4+ 18. Kh1 e5 19. Qh5+ Kd8 20. Qg6 Re8 21.
Rad1 1-0

[Event "AUTO-ADV-3069"]
[Site "http://www.queenalice.com/game.php?id=1254140"]
[Date "2014.2.6"]
[Round "1"]
[White "pepe72"]
[Black "junipero"]
[Result "0-1"]
[WhiteElo "1735"]
[BlackElo "2102"]

1. e4 c5 2. Nf3 Nc6 3. Bb5 d6 4. O-O e5 5. h3 Nf6 6. d3 h6 7. Nc3 Bd7 8. Nh2 Be7
9. f4 exf4 10. Bxf4 O-O 11. Bxc6 Bxc6 12. Qf3 b5 13. Rae1 Rc8 14. a3 b4 15. Nd5
a5 16. Ng4 Bxd5 17. exd5 Nh7 18. Qg3 Re8 19. Rf2 Nf6 20. Nxf6+ Bxf6 21. Rxe8+
Qxe8 22. Bxd6 Bd4 23. c3 Qe1+ 0-1

[Event "AUTO-ADV-3069"]
[Site "http://www.queenalice.com/game.php?id=1254141"]
[Date "2014.2.6"]
[Round "1"]
[White "junipero"]
[Black "pepe72"]
[Result "1-0"]
[WhiteElo "2101"]
[BlackElo "1737"]

1. d4 e6 2. c4 b6 3. Nc3 Bb7 4. e3 f5 5. Nf3 Nf6 6. g3 Bb4 7. Bd2 O-O 8. Bg2 Qe7
9. O-O d6 10. a3 Ba5 11. b4 Bxb4 12. axb4 Na6 13. b5 Nb4 14. Na4 d5 15. c5 Nd3
16. Qc2 Nxc5 17. dxc5 c6 18. bxc6 Bxc6 19. cxb6 axb6 20. Qxc6 1-0

[Event "Challenge"]
[Site "http://www.queenalice.com/game.php?id=1269112"]
[Date "2014.3.30"]
[Round "-"]
[White "zmanomega"]
[Black "pepe72"]
[Result "0-1"]
[WhiteElo "1588"]
[BlackElo "1727"]

1. e4 e6 2. Bb5 c6 3. Bc4 d5 4. exd5 cxd5 5. Bb5+ Bd7 6. Bxd7+ Qxd7 7. Nf3 Nc6
8. d4 Bd6 9. c3 h6 10. O-O Nf6 11. Nbd2 O-O 12. g3 Ne4 13. Nxe4 dxe4 14. Nh4 Ne7
15. Qg4 f5 16. Qh3 Qb5 17. Bf4 Bxf4 18. gxf4 Rab8 19. Rab1 Qd3 20. Qg2 b5 21. a3
a5 22. Ng6 Nxg6 23. Qxg6 Rf6 24. Qg2 Kf7 25. h3 Rg6 26. Qxg6+ Kxg6 27. Kh2 Qf3
28. Rg1+ Kf6 29. Rbc1 Qxf2+ 30. Kh1 Qxf4 31. Rc2 e3 32. Rcg2 g5 33. Re1 h5 34.
b4 a4 35. Kg1 Qe4 36. Rc1 Rc8 37. Kh1 e2 38. Re1 Rxc3 39. Rxe2 Rc1+ 40. Kh2 Qf4+
0-1